| 000 | 00710nam a2200205 a 4500 | ||
|---|---|---|---|
| 008 | 120416s2005 ||||||||||||||||| || u | ||
| 020 | _a0821361422 | ||
| 050 | _aJF 125.P67 Fis | ||
| 100 | _aShah, Anwar | ||
| 245 | 1 | 0 |
_aFiscal management _cedited by Anwar Shah |
| 260 |
_aWashington, D. C. _bWorld Bank _c2005 |
||
| 300 | _a254p. : ill. | ||
| 350 | _a0.00 | ||
| 650 | 0 | _aEXPENDITURES, PUBLIC | |
| 650 | _aGOVERNMENT PRODUCTIVITY--EVALUATION | ||
| 650 | _aFINANCE, PUBLIC | ||
| 650 | 0 | _aFINANCE--DEVELOPING COUNTRIES | |
| 710 | _aWorld Bank | ||
| 995 |
_D0.00 _FCBU-MAIN LIBRARY (Kitwe) _H1 _I0.00 _M1 _UAVAILABLE _ZMain Library Open Access Collection |
||
| 999 |
_c43586 _d43586 |
||